| 000 | 01133nam a2200229Ia 4500 | ||
|---|---|---|---|
| 999 |
_c37481 _d37481 |
||
| 001 | 3443 | ||
| 003 | GE_BSU | ||
| 005 | 20221028124452.0 | ||
| 008 | 181216s1994ru xx |||||||||||||| ||rus|| | ||
| 040 | _cGE_BSU | ||
| 041 | _arus | ||
| 080 | _a634.32 Д-40 | ||
| 100 |
_aДжинчарадзе, Гиви. _915631 |
||
| 245 |
_aНаучные основы интенсивной технологии маточного мандарино вого сада / _c Гиви Джинчарадзе, Резо Джабнидзе, Ред. М. Гоголишвили |
||
| 264 |
_aБатуми : _bАджара, _c1994. |
||
| 300 |
_a231 с.: _b 20 см. |
||
| 653 | _aНаучные основы интенсивной технологии маточного мандаринового сада | ||
| 653 | _aმანდარინის ბაღის ინტენსიური ტექნოლოგიის სამეცნიერო საფუძველი | ||
| 700 |
_a Джабнидзе, Резо. _915632 |
||
| 700 |
_a Гоголишвили, М. _eრედაქტორი _915633 |
||
| 942 |
_cBK _2udc |
||